| 000 | 00447nam a2200181 i 4500 | ||
|---|---|---|---|
| 001 | bgj | ||
| 100 | 1 | _aHUCH, Ricarda. | |
| 245 | 1 | 0 |
_aDer Dreissigjährige Krieg. _nBd. 2 / _pRicarda Huch. |
| 260 |
_aLeipzig : _bInsel-Verlag, _c1957. |
||
| 300 |
_a527 s. ; _c21 cm. |
||
| 650 | 9 | _aPowieść niemiecka | |
| 040 | _cBPK | ||
| 041 | _ager | ||
| 044 | _aDEU | ||
| 080 | _a821.112.2-3 | ||
| 942 | _cKS | ||
| 008 | s gw f |000 0 ger | ||
| 999 |
_c50562 _d50562 |
||
| 856 |
_uhttp://koha.tu.koszalin.pl/cgi-bin/koha/opac-detail.pl?biblionumber=50562 _yKatalog online BPK |
||